Z jakiego kraju są ci kierowcy Formuły 1? - Statystyki

Ogólne statystyki
  • Ten quiz został rozwiązany 291 razy
  • Średni wynik to 38 z 50
Statystyki odpowiedzi
Kierowca narodowość % Poprawnych
Fernando Alonso Hiszpania
100%
Sebastian Vettel Niemcy
96%
Robert Kubica Polska
95%
Lewis Hamilton Wielka Brytania
95%
Max Verstappen Holandia
94%
Michael Schumacher Niemcy
93%
Kamui Kobayashi Japonia
90%
Jenson Button Wielka Brytania
90%
Ayrton Senna Brazylia
89%
Nico Rosberg Niemcy
89%
Antonio Giovinazzi Włochy
89%
Kimi Räikkönen Finlandia
88%
Carlos Sainz Hiszpania
88%
Sergio Pérez Meksyk
88%
Charles Leclerc Monako
88%
Daniil Kvyat Rosja
88%
Valtteri Bottas Finlandia
87%
Daniel Ricciardo Australia
85%
Vitaly Petrov Rosja
85%
Felipe Massa Brazylia
84%
Kevin Magnussen Dania
84%
Mika Häkkinen Finlandia
84%
Romain Grosjean Francja
84%
Lando Norris Wielka Brytania
82%
Mark Webber Australia
81%
Niki Lauda Austria
80%
Alexander Albon Tajlandia
80%
Lance Stroll Kanada
78%
Alain Prost Francja
77%
Sébastien Bourdais Francja
75%
Giedo van der Garde Holandia
75%
Marcus Ericsson Szwecja
75%
Gilles Villeneuve Kanada
71%
Rubens Barrichello Brazylia
70%
Alberto Ascari Włochy
70%
Juan Pablo Montoya Kolumbia
68%
Esteban Gutiérrez Meksyk
68%
Pastor Maldonado Wenezuela
66%
Keke Rosberg Finlandia
63%
Juan Manuel Fangio Argentyna
61%
Stirling Moss Wielka Brytania
61%
Sébastien Buemi Szwajcaria
57%
Narain Karthikeyan Indie
54%
Brendon Hartley Nowa Zelandia
47%
Jack Brabham Australia
44%
Tomáš Enge Czechy
44%
Rio Haryanto Indonezja
40%
Jérôme d’Ambrosio Belgia
39%
Zsolt Baumgartner Węgry
37%
Jacky Ickx Belgia
34%
Nie znaleziono quizów pasujących do podanych kryteriów
Rozkład punktacji
Procent ludzi z każdym wynikiem
Percentyl według liczby udzielonych odpowiedzi
Twoja historia wyników
Nie rozwiązałeś tego quizu